Barrages Ligues des Champions 2024-2025 - Statistiques

Statistiques générales
  • Ce quiz a été pris 140 fois
  • Le résultat moyen est 11 sur 16
Statistiques - réponses
Pays Club % Correct
(Portugal) Sporting
90%
(Anglais) Manchester City
85%
(France) AS Monaco
76%
(Italie) Juventus
74%
(Belgique) Club Brugge
71%
(Écosse) Celtic Glasgow
70%
(France) Paris Saint-Germain
70%
(Pays-Bas) Feyenoord
69%
(Espagne) Real Madrid
66%
(Portugal) Benfica
65%
(Allemagne) Borussia Dortmund
64%
(France) Stade Brestois
63%
(Italie) AC Milan
62%
(Allemagne) Bayern Munich
59%
(Italie) Atalanta Bergame
55%
(Pays-Bas) PSV Eindhoven
55%
Aucun quiz correspondant
Distribution des résultats
% des personnes avec chaque résultat
Percentile par nombre de réponses
Votre historique - résultats
Vous n’avez pas pris ce quiz